000 00321nam a22001457a 4500
008 221107b ||||| |||| 00| 0 eng d
020 _a9780323444293
041 _aeng
080 _26TH EDITION
_a616
082 _a616BAN
100 _a14.2
101 _aPAT
245 _aPATHOPHYSOLOGY
_cBANASIK J
942 _2udc
_cBK
999 _c58759
_d58759